00951nam a2200229 a 4500001001000000003000500010005001700015008004100032010001100073011001100084040000900095100002900104245016900133260004100302500006000343502011800403650002100521650003600542650003700578650003600615856007000651000109669CHAP20250926062752.0140519s2014 mx a sm |||||||spa d a106131 a107103 cCHAP1 aLópez García, Marcos10aProducción de forraje y radiación interceptada del zacate mombaza (Panicum maximum) a diferentes edades de la plantah[En línea]cpor Marcos López García. aChapingo, Méx. :bEl autor,c2014. aPara ver el contenido del material haga clic en la liga aTesis (Ing. Agr. Esp. en Zootecnia) -- UACH. Departamento de Enseñanza, Investigación y Servicio en Zootecnia14aPanicum maximum.14aPastos forrajerosxCrecimiento.17aPastos forrajerosxRendimiento214aRadiaciónxEfecto en plantas. aFinding aiduhttp://10.13.5.2/tesis/sist109669.pdfzTeclea aquí